Rozpoznaj polskiego sportowca po zdjęciu - Statystyki

Ogólne statystyki
  • Ten quiz został rozwiązany 415 razy
  • Średni wynik to 11 z 15
Statystyki odpowiedzi
Obrazkowy Odpowiedź % Poprawnych
Kamil Stoch
99%
Robert Lewandowski
99%
Dawid Kubacki
93%
Krzysztof Piątek
90%
Anita Włodarczyk
87%
Justyna Kowalczyk
87%
Bartosz Zmarzlik
74%
Michał Kubiak
74%
Adam Kszczot
64%
Piotr Lisek
64%
Rafał Majka
52%
Justyna Święty
51%
Łukasz Kubot
46%
Kamil Syprzak
37%
Konrad Bukowiecki
36%
Nie znaleziono quizów pasujących do podanych kryteriów
Rozkład punktacji
Procent ludzi z każdym wynikiem
Percentyl według liczby udzielonych odpowiedzi
Twoja historia wyników
Nie rozwiązałeś tego quizu